000
00208 a2200097 4500
001
13795
100
_a
Castle, F
245
_a
Four Figure Math Tables
260
_a
London
_b
Macmillan
_c
090
_c
10784
_d
10784
942
_a
NUST-CAE
_c
M
_c
874
999
_c
248868
_d
248868